| 000 | 00454cam a2200145 a 4500 | ||
|---|---|---|---|
| 020 | _a0935702679 (acidfree paper) | ||
| 040 | _cDLC | ||
| 082 | 0 | 0 | _a520 UNI 1996 A026 Or. |
| 100 | 1 | _aBless, Robert C., | |
| 245 | 1 | 0 | _aDiscovering the cosmos / |
| 260 |
_aSausalito, Calif. : _bUniversity Science Books, _cc1996. |
||
| 300 |
_axvii, 714, A24, I12 p., [8] p. of plates : _bill. (some col.), maps (some col.) ; _c26 cm. |
||
| 650 | 0 | _aAstronomy. | |
| 942 | _cEK | ||
| 999 |
_c13218 _d13218 |
||